|
|
|
|
| LEADER |
00000naa a2200000uu 4500 |
| 001 |
vtls011085358 |
| 003 |
SK-MaSNL |
| 005 |
20260302105154.0 |
| 008 |
210905|2003 xo |||||||||||||||||slo| |
| 015 |
|
|
|a SNBRA
|
| 035 |
|
|
|a (urnnbn)urn:nbn:sk:snk:ar-a0cly6
|
| 035 |
|
|
|a (uuid)de98bf67-ad6e-41bf-ba93-d0702c383e9b
|
| 035 |
|
|
|a urn:nbn:sk:snk-aavrtz
|
| 040 |
|
|
|a SNKBUCL
|b slo
|c SNKBUCL
|e AACR2
|
| 041 |
0 |
|
|a slo
|
| 044 |
|
|
|a xo
|c SK
|
| 100 |
1 |
|
|a Rybář, Rudolf
|4 aut
|9 776698
|
| 245 |
1 |
0 |
|a VYUŽITÍ OPTOELEKTRONICKÉHO SNÍMAČE PRO MĚŘENÍ PŘESNOSTI VÝSEVU SECÍCH STROJŮ
|c Rudolf Rybář
|
| 246 |
3 |
|
|a THE UTILIZATION OF THE OPTOELECTRONICS SENSOR FOR THE SEEDING ACCURACY MEASUREMENT OF DRILL MACHINES
|
| 773 |
0 |
|
|t V. celoslovenská vedecká repárska konferencia
|d V Nitre : Slovenská poľnohospodárska univerzita, 2003
|g S. 139-144
|z 8080692807
|
| 958 |
|
|
|a OND
|
| 958 |
|
|
|a article12
|
| 958 |
|
|
|a chapter
|
| 999 |
|
|
|c 1237652
|d 1239582
|